Quizzes
Events
Quiz Creation
Community
Videos
Private Events
Remove Ads
Sign In
Join for FREE
Feedback
Dark Mode
Quiz Categories
Sports
Geography
Music
Movies
Television
Just For Fun
Miscellaneous
History
Literature
Language
Science
Gaming
Entertainment
Religion
Holiday
For Kids
Quiz Lab
Recent
Popular Today
Quiz Kudos Today
Editor Picks
Curator Picks
Quizzes by...
Day
Popularity
Type
Ratings
Length
Year
Community
Subscriptions
Recent Discussions
Orange Saloon
Badges
Playlists
Quests
Create
Leaderboards
Showdown
Live 5
Trivia Bingo
Activity
Puzzle Library
Sporcle Events
Private Events
Virtual Trivia
Globe League
Become a Host
Pub Owners
SporcleCon
Opinionation
Our Games
Videos
Blog
Mobile Apps
Partnerships
Remove Ads and Go Orange
Feedback
Language
Vocabulary
Begins and Ends
Definition
Spanish
French
German
Italian
Chinese
Latin
Translation
Japanese
Language
Vocabulary
Begins and Ends
Definition
Spanish
French
German
Italian
Chinese
Latin
Translation
Japanese
Random Quiz
Search Sporcle
×
Quiz Lab
Quiz Lab
Language
Latin
Type in answers that appear in a list
Type in answers that appear in a list
Classic
Best Score? Go Orange.
Latin: Unit 11 Verb Forms (Laudo Laudare) Stats
Latin: Unit 11 Verb Forms (Laudo Laudare)
By
bweinstein
10m
84 Questions
151 Plays
151 Plays
151 Plays
Comments
Comments
Give Quiz Kudos
Give Quiz Kudos
-
- Ratings
hide this ad
Replay
Link that replays current quiz
Next Quiz
Link to next quiz in quiz playlist
You Got
0%
They Got
Avg Score
55%
Avg Friend Score
Upgrade to see
Score Distribution
Jump to the score distribution portion of the page
Score
0/84
Timer
10:00
0
Plays Today
Hint
Answer
% Correct
PRES IND ACT
I praise
100%
PRES IND PASS
I am praised
100%
IMPF IND ACT
I was praising
100%
FUT IND ACT
I will praise
100%
PERF IND ACT
I have praised, did praise, praised
100%
PLUP IND ACT
I had praised
100%
FUTPERF IND ACT
I will have praised
100%
PERF IND PASS (M)
I have been praised, was praised
100%
FUT IND PASS
I will be praised
100%
FUTPERF IND PASS (N)
I will have been praised
100%
PLUP IND PASS (F)
I had been praised
100%
IMPF IND PASS
I was being praised
100%
PRES IND ACT
laudo
90.4%
PRES IND ACT
laudas
83.8%
PRES IND ACT
laudat
83.8%
PRES IND ACT
laudamus
83.1%
PRES IND ACT
laudatis
83.1%
PRES IND ACT
laudant
83.1%
IMPF IND ACT
laudabam
78.7%
IMPF IND ACT
laudabas
78.7%
IMPF IND ACT
laudabat
78.7%
IMPF IND ACT
laudabamus
78.7%
IMPF IND ACT
laudabatis
78.7%
IMPF IND ACT
laudabant
78.7%
FUT IND ACT
laudabis
76.5%
FUT IND ACT
laudabo
75.7%
FUT IND ACT
laudabit
75.7%
FUT IND ACT
laudabimus
75.7%
Hint
Answer
% Correct
FUT IND ACT
laudabitis
75.7%
FUT IND ACT
laudabunt
75.7%
PERF IND ACT
laudavi
72.1%
PERF IND ACT
laudavit
71.3%
PERF IND ACT
laudavimus
71.3%
PERF IND ACT
laudavistis
71.3%
PERF IND ACT
laudavisti
70.6%
PERF IND ACT
laudaverunt
69.1%
PRES IND PASS
laudor
67.6%
PLUP IND ACT
laudaveram
66.9%
PLUP IND ACT
laudaveras
66.9%
PLUP IND ACT
laudaverat
66.9%
PLUP IND ACT
laudaveramus
66.9%
PLUP IND ACT
laudaveratis
66.9%
PLUP IND ACT
laudaverant
65.4%
PRES IND PASS
laudaris
65.4%
PRES IND PASS
laudatur
65.4%
PRES IND PASS
laudamini
65.4%
FUTPERF IND ACT
laudavero
64.7%
FUTPERF IND ACT
laudaveris
64.7%
FUTPERF IND ACT
laudaverit
64.7%
FUTPERF IND ACT
laudaverimus
64.7%
PRES IND PASS
laudamur
64.7%
PRES IND PASS
laudantur
64.7%
FUTPERF IND ACT
laudaveritis
64%
FUTPERF IND ACT
laudaverint
64%
IMPF IND PASS
laudabaris
61.8%
IMPF IND PASS
laudabar
61%
Hint
Answer
% Correct
IMPF IND PASS
laudabatur
61%
IMPF IND PASS
laudabantur
61%
IMPF IND PASS
laudabamur
60.3%
IMPF IND PASS
laudabamini
60.3%
FUT IND PASS
laudabor
57.4%
PERF IND PASS (M)
laudatus sum
56.6%
FUT IND PASS
laudaberis
55.9%
FUT IND PASS
laudabimur
55.1%
FUT IND PASS
laudabimini
55.1%
PERF IND PASS (M)
laudatus es
55.1%
PERF IND PASS (M)
laudatus est
55.1%
FUT IND PASS
laudabitur
54.4%
FUT IND PASS
laudabuntur
54.4%
PERF IND PASS (M)
laudati sumus
53.7%
PERF IND PASS (M)
laudati estis
52.9%
PERF IND PASS (M)
laudati sunt
52.2%
PLUP IND PASS (F)
laudata eram
49.3%
PLUP IND PASS (F)
laudata eras
47.8%
PLUP IND PASS (F)
laudata erat
47.8%
PLUP IND PASS (F)
laudatae eramus
47.8%
PLUP IND PASS (F)
laudatae eratis
47.1%
FUTPERF IND PASS (N)
laudatum ero
47.1%
PLUP IND PASS (F)
laudatae erant
46.3%
FUTPERF IND PASS (N)
laudatum eris
46.3%
FUTPERF IND PASS (N)
laudatum erit
46.3%
FUTPERF IND PASS (N)
laudata erimus
44.1%
FUTPERF IND PASS (N)
laudata eritis
42.6%
FUTPERF IND PASS (N)
laudata erunt
41.9%
Quiz Playlist
Details
Report
Send in Message
Add To Playlist
Classic:
Type in answers that appear in a list
Last Updated: Mar 3, 2020
Quiz Scoreboard
CHALLENGE
Sign Up to Join the Scoreboard
Show All
Scores
Hide
Comments
May contain spoilers
Recently Published
9x9 Crossword: Cartoon Network
by jackfrog10
Miscellaneous
3m
College Basketball Coaching Resumes
by pancakes188
Sports
9m
Billboard Blitz: Fleetwood Mac
by CooCooCachoo
Music
15s
More to Explore
Quiz From the Vault
Featured Blog Post
Where Did the Easter Bunny Come From?
hide this ad
You Might Also Like...
Tags
Latin Quiz
form
unit
Verb
Today's Top Quizzes in Language
Browse Language
hide this ad
Today's Top Quizzes in Latin
Browse Latin
Top Contributed Quizzes in Language
1
1-10 Letter F Words III
2
1-10 Letter G Words III
3
Alphabetize! : 'As' words
4
1-10 Letter H Words III
5
Celtic Nations in their Language
6
1-10 Letter I Words III
7
One Thing in Common: Italy
8
Order Up: Top 10 Most Native Spoken Languages
9
1-10 Letter J Words III
10
Weisst du, aus welchen Sprachen diese Wörter stammen?
Explore More
Trending Topics
Crossword
Kpop
Anime
Disney
Harry Potter
NBA
Marvel
NFL
Puzzle
Song
Pokémon
The Office
Country
Soccer
WWE
hide this ad
More By:
bweinstein
Quiz
Plays
Rating
Category
Featured
Created
Latin: Noun Declensions 1-3
18,299
4.86
Language
Feb 28, 2013
Latin: Noun Declensions 1-5
10,296
4.25
Language
Jan 25, 2012
Latin: Indicative Active Verb Endings
7,290
4.50
Language
Feb 25, 2013
Latin: Unit 07 Relative Pronoun (qui, quae, quod)
6,380
4.76
Language
Jan 30, 2012
Latin: Unit 06 Demonstrative Pronouns
6,337
4.33
Language
Jan 31, 2012
Go to Creator's Profile
Score Distribution
Quiz Creator Spotlight
bweinstein
Follow
Send a Message
Quizzes Created
-
Created Quiz Play Count
-
More By This Creator
Popular Quizzes Today
1
Find the US States - No Outlines Minefield
2
Find the Countries of Europe - No Outlines Minefield
3
The Countries of the World
4
Find the US States
5
Risky Map Clicking: Biggest States A-Z
6
US States
7
Popular People in 1961
8
Movies - When Are They Set?
More Language Quizzes
Loanwords from the Americas
Published
Trending Quizzes
Risky Map Clicking: Least Populous States A-Z
1-10 Letter G Words
1-10 Letter F Words
Risky Map Clicking: Next State Alphabetically
Adjectives in 80s TV Shows
Recently Updated
Leaping Animals
pecheneg
Reality TV Shows (A-Z)
bhenderson79
Rickey Henderson's Hall of Fame Teammates
pecheneg
Champions League XIs: Arsenal
pecheneg
Quick Pick: Celebrities in WWE's Hall of Fame
aduchscher
A-Z Keypad Blitz II
pecheneg
Multiple Oscar Actors
pecheneg
Mystery Phrase Blitz: Oscar 'Best Actors'
pecheneg
F. Scott Fitzgerald Novels
LTH
Pick 3 Villains
ddd62291
Trending Topics
Disney
Anime
NBA
Marvel
Crossword
Harry Potter
Kpop
Pokémon
WWE
The Office
NFL
Song
Soccer
Country
Puzzle
Your Account Isn't Verified!
In order to create a playlist on Sporcle, you need to verify the email address you used during registration. Go to your
Sporcle Settings
to finish the process.
Report this User
Report this user for behavior that violates our
Community Guidelines
.
Details:
Send Report
Go to the Sporcle.com Mobile Site →
Comments